=LDR 00000nam 2200000 4500 =001 INLIS000000000039649 =005 20130612145250 =008 ***********************************Ind** =035 ##$$0010-061300000039649 =041 ##$$a Ind =082 ##$$a 813.Stc.B3 =100 ##$$a Stewart Sharon =245 ##$$a Bisnis Asmara, , Love For Sale =260 ##$$a PT.Gramedia $b Jakarta =300 ##$$a 261hlm, , Ilus, , 18cm =850 ##$$a NBPNMAT